<?xml version="1.0" encoding="UTF-8"?><?xml-stylesheet type="text/xsl" href="static/style.xsl"?><OAI-PMH xmlns="http://www.openarchives.org/OAI/2.0/" xmlns:xsi="http://www.w3.org/2001/XMLSchema-instance" xsi:schemaLocation="http://www.openarchives.org/OAI/2.0/ http://www.openarchives.org/OAI/2.0/OAI-PMH.xsd"><responseDate>2026-04-17T15:22:45Z</responseDate><request verb="GetRecord" identifier="oai:www.recercat.cat:10256/18597" metadataPrefix="marc">https://recercat.cat/oai/request</request><GetRecord><record><header><identifier>oai:recercat.cat:10256/18597</identifier><datestamp>2024-06-18T11:53:58Z</datestamp><setSpec>com_2072_452955</setSpec><setSpec>com_2072_2054</setSpec><setSpec>col_2072_453077</setSpec></header><metadata><record xmlns="http://www.loc.gov/MARC21/slim" xmlns:dcterms="http://purl.org/dc/terms/" xmlns:xsi="http://www.w3.org/2001/XMLSchema-instance" xmlns:doc="http://www.lyncode.com/xoai" xsi:schemaLocation="http://www.loc.gov/MARC21/slim http://www.loc.gov/standards/marcxml/schema/MARC21slim.xsd">
   <leader>00925njm 22002777a 4500</leader>
   <datafield ind2=" " ind1=" " tag="042">
      <subfield code="a">dc</subfield>
   </datafield>
   <datafield ind2=" " ind1=" " tag="720">
      <subfield code="a">Sanchís, Josep</subfield>
      <subfield code="e">author</subfield>
   </datafield>
   <datafield ind2=" " ind1=" " tag="720">
      <subfield code="a">Jaén Gil, Adrián</subfield>
      <subfield code="e">author</subfield>
   </datafield>
   <datafield ind2=" " ind1=" " tag="720">
      <subfield code="a">Gago Ferrero, Pablo</subfield>
      <subfield code="e">author</subfield>
   </datafield>
   <datafield ind2=" " ind1=" " tag="720">
      <subfield code="a">Munthali, Elias</subfield>
      <subfield code="e">author</subfield>
   </datafield>
   <datafield ind2=" " ind1=" " tag="720">
      <subfield code="a">Farré, Maria José</subfield>
      <subfield code="e">author</subfield>
   </datafield>
   <datafield ind2=" " ind1=" " tag="260">
      <subfield code="c">2020-06-01</subfield>
   </datafield>
   <datafield ind2=" " ind1=" " tag="520">
      <subfield code="a">In order to understand and minimize the formation of halogenated disinfection by-products (DBPs), it is important to investigate how dissolved organic matter (DOM) contributes to their generation. In the present study, we analysed the DOM profile of water samples from the Barcelona catchment area by high resolution mass spectrometry (HRMS) and we studied the changes after chlorination. Chlorination produced significant changes in the DOM, decreased the average m/z and Kendrick mass defect (KMD) of their spectra and decreased the number and abundance of lignin-like features. The Van Krevelen (VK) fingerprint exhibited several noticeable changes, including the appearance of highly oxidized peaks in the tannin-like region (average O/C, 0.78 ± 0.08), the appearance of features with low H/C and the disappearance of more than half of the lipids-like features. Up to 657 halogenated peaks were generated during sample chlorination, most of which in the condensed hydrocarbons-like and the lignin-like region of the VK diagram. Around 200 features were found to be strongly correlated (ρ ≥ 0.795) to the formation potential of trihalomethanes (THMs) and 5 were correlated with the formation potential of haloacetonitrile (HANs). They all were plotted in the lignin fraction of the VK diagram, but both groups of features exhibited different nitrogen content: those features related to HANs FP had at least one nitrogen atoms in their structures, whilst those related to THMs did not.</subfield>
   </datafield>
   <datafield ind2=" " ind1=" " tag="520">
      <subfield code="a">This project was funded by the Spanish Ministry of Science,Innovation and Universities, AEI-MICIU, and the European Fund forRegional Development under the National Program for Research Aimed at the Challenges of Society, through the project NDMA_Predict (CTM 2017-85335-R); and by the European Union’s Horizon2020 Research and Innovation Programme, through the MANTEL-ITN Project (Grant No: 722518). The authors thank Generalitat deCatalunya through Consolidated Research Group ENV 2017 SGR1124 and Tech 2017 SGR 1318. ICRA researchers thank funding fromCERCA program. MJF acknowledges her Ramón y Cajal fellowship (RyC-2015-17108), from the AEI-MICIU; AJG acknowledges his PhDscholarship from AGAUR (2019FI_B2_00202), from the Governmentof Catalonia; PGF acknowledges SmartWorkflow, which has received funding from the European Union’s Horizon 2020 R&amp;Iprogram under grant 791235</subfield>
   </datafield>
   <datafield ind1="8" ind2=" " tag="024">
      <subfield code="a">http://hdl.handle.net/10256/18597</subfield>
   </datafield>
   <datafield tag="653" ind2=" " ind1=" ">
      <subfield code="a">Aigües residuals -- Depuració</subfield>
   </datafield>
   <datafield tag="653" ind2=" " ind1=" ">
      <subfield code="a">Sewage -- Purification</subfield>
   </datafield>
   <datafield tag="653" ind2=" " ind1=" ">
      <subfield code="a">Espectrometria de masses</subfield>
   </datafield>
   <datafield tag="653" ind2=" " ind1=" ">
      <subfield code="a">Mass spectrometry</subfield>
   </datafield>
   <datafield tag="653" ind2=" " ind1=" ">
      <subfield code="a">Clor</subfield>
   </datafield>
   <datafield tag="653" ind2=" " ind1=" ">
      <subfield code="a">Chlorine</subfield>
   </datafield>
   <datafield ind2="0" ind1="0" tag="245">
      <subfield code="a">Characterization of organic matter by HRMS in surface waters: Effects of chlorination on molecular fingerprints and correlation with DBP formation potential</subfield>
   </datafield>
</record></metadata></record></GetRecord></OAI-PMH>